Государственная Третьяковская галерея, Москва. Русская и советская живопись

Библиографические подробности
Другие авторы: Иовлева Л. И. Лидия Ивановна (редактор)
Язык:русский
Опубликовано: Ленинград, Аврора, 1986
Предметы:
Формат: MixedMaterials Книга
Запись в KOHA:https://koha.lib.tpu.ru/cgi-bin/koha/opac-detail.pl?biblionumber=107822

MARC

LEADER 00000nam0a2200000 4500
001 107822
005 20231031115422.0
035 |a (RuTPU)RU\TPU\book\116410 
090 |a 107822 
100 |a 20070108d1986 m y0rusy50 ca 
101 0 |a rus 
102 |a RU 
105 |a a z 001zy 
200 1 |a Государственная Третьяковская галерея, Москва. Русская и советская живопись 
210 |a Ленинград  |c Аврора  |d 1986 
215 |a 250 с.  |c ил. 
320 |a Указатель в конце книги. 
610 1 |a русская живопись 
610 1 |a музейные собрания 
610 1 |a Москва 
610 1 |a альбомы 
610 1 |a советская живопись 
610 1 |a Третьяковская галерея 
675 |a 7(069)  |v 3 
675 |a 75(084)  |v 3 
702 1 |a Иовлева  |b Л. И.  |g Лидия Ивановна  |4 340 
801 1 |a RU  |b 63413507  |c 20070108  |g PSBO 
801 2 |a RU  |b 63413507  |c 20080602  |g PSBO 
942 |c BK